|
|
|
|
| LEADER |
00000nam0a2200000 4500 |
| 001 |
275178 |
| 005 |
20231031230553.0 |
| 020 |
|
|
|a RU
|b 85-99913
|
| 035 |
|
|
|a (RuTPU)RU\TPU\book\298410
|
| 090 |
|
|
|a 275178
|
| 100 |
|
|
|a 20141112d1985 m y0rusy5003 ca
|
| 101 |
0 |
|
|a rus
|
| 102 |
|
|
|a RU
|
| 105 |
|
|
|a a j 001zy
|
| 200 |
1 |
|
|a Проектирование трехстепенных гироскопов с применением ЦВМ
|e учебное пособие
|f В. Я. Распопов
|g Тульский политехнический институт (ТулПИ, ТПИ)
|
| 210 |
|
|
|a Тула
|c Изд-во Тульского политехнического ин-та
|d 1985
|
| 215 |
|
|
|a 95 с.
|c ил.
|
| 320 |
|
|
|a Библиогр.: с. 93-94
|
| 606 |
1 |
|
|a Гироскопические системы
|2 stltpush
|3 (RuTPU)RU\TPU\subj\7275
|
| 610 |
1 |
|
|a гироскопические приборы
|
| 610 |
0 |
|
|a цифровые вычислительные машины
|
| 610 |
1 |
|
|a проектирование
|
| 610 |
1 |
|
|a применение
|
| 610 |
1 |
|
|a учебные пособия
|
| 610 |
1 |
|
|a гиромоторы
|
| 610 |
1 |
|
|a конструкция
|
| 610 |
1 |
|
|a точность
|
| 610 |
1 |
|
|a шарикоподшипниковый подвес
|
| 675 |
|
|
|a 62-752(075.8)
|z rus
|v 3
|
| 700 |
|
1 |
|a Распопов
|b В. Я.
|g Владимир Яковлевич
|4 070
|
| 712 |
0 |
2 |
|a Тульский политехнический институт (ТулПИ, ТПИ)
|c (1963-1992)
|2 stltpush
|3 (RuTPU)RU\TPU\col\284
|
| 801 |
|
0 |
|a RU
|b RuMRKP
|c 19950704
|g psbo
|
| 801 |
|
1 |
|a RU
|b 63413507
|c 20141112
|
| 801 |
|
2 |
|a RU
|b 63413507
|c 20170328
|g RCR
|
| 942 |
|
|
|c BK
|